Helena Romer-Ochenkowska i Wanda Stanisławska o teatrach wileńskich w latach 1922-1939
| Titel: | Helena Romer-Ochenkowska i Wanda Stanisławska o teatrach wileńskich w latach 1922-1939 |
|---|---|
| Verfasser: | |
| In: |
Wilno teatralne, (1998), Seite 422-438 alle Artikel anzeigen |
| Veröffentlicht: | 1998 |
| Format: | Aufsatz |
| Sprache: | Polnisch |
X
alg: 39241027 001A $01999:11-11-16 001B $01999:28-04-17 $t14:58:14.000 001D $01999:11-11-16 001U $0utf8 001X $00 002@ $0Aox 003@ $0392410273 007A $0392410273 $aHEB 007T $0Herdc0020969v 010@ $apol 011@ $a1998 021A $aHelena Romer-Ochenkowska i Wanda Stanisławska o teatrach wileńskich w latach 1922-1939 028A $aKozłowska $dMirosława 031A $h422-438 $j1998 039B $aIn $8--Aau--. Wilno teatralne. - Wyd. 1. - Warszawa, 1998. - 511 S.. - Ill.. - ISBN 83-87789-02-X $x199800000000000578 $9091163048 lok: 39241027 78 exp: 39241027 78 1 #EPN 201B/01 $019-04-17 $t11:14:26.000 201U/01 $0utf8 203@/01 $0788507982 208@/01 $a11-11-16 $be 209A/01 $a/ $f000 $x00 220C/01 $aHerkunft: LII / T. Baranauskas 244Z/01 $2Trx $#Poola $#Lenkija $#Polija $#Polen Land $#Poland $#Lengyelország $#Poľsko $#Polsko $8--Trx--Polska$gkraj $x01 $9391345966 244Z/01 $2Trx $#Litauen $#Lithuania $#Litwa $#Litva $#Litva $8--Trx--Lietuva $x02 $9391193457 244Z/01 $aGeschichte 1922-1939 $x03 244Z/01 $2Trx $8--Trx--Romer-Ochenkowska, Helena$Z1878-1947 $x04 $9390769908 244Z/01 $2Trx $8--Trx--Stanisławska, Wanda$Z1875-1966 $x05 $9390911399 244Z/01 $2Trx $#kirjanikud $#rašytojai $#writers $#írók $#pisarze $#spisovatelia $#spisovatelé $8--Trx--Schriftsteller $x06 $9391382659 244Z/01 $2Trx $#teater $#teatras $#theatre $#színház $#teatr $#divadlo $#divadlo $8--Trx--Theater $x07 $9391363646 244Z/01 $2Trx $8--Trx--Einzelbeiträge $x08 $9391384570 247C/01 $82080>Marburg/Lahn, Herder-Institut, Forschungsbibliothek, Bibliographieportal $9336309341
| LEADER | 00000caa a22000002c 4500 | ||
|---|---|---|---|
| 001 | 392410273 | ||
| 003 | DE-603 | ||
| 005 | 20170428145814.0 | ||
| 007 | tu | ||
| 008 | 161111s1998 xx |||| | u00||u|pol c | ||
| 035 | |a (DE-599)HEB392410273 | ||
| 040 | |a DE-603 |b ger |c DE-603 |d DE-603 | ||
| 041 | |a pol | ||
| 100 | 1 | |a Kozłowska, Mirosława | |
| 245 | 0 | 0 | |a Helena Romer-Ochenkowska i Wanda Stanisławska o teatrach wileńskich w latach 1922-1939 |
| 264 | 0 | |c 1998 | |
| 773 | 0 | 8 | |i In |t Wilno teatralne |b Wyd. 1 |d Warszawa, 1998 |h 511 S., Ill. |z 838778902X |z 8385161775 |z 8390887118 |g (1998), Seite 422-438 |w (DE-603)091163048 |
| 924 | 0 | |9 2080 |a (DE-603)788507982 |b DE-2080 |c HES |d d |g / | |


